Football par lettre-G - Statistiques

Statistiques générales
  • Ce quiz a été pris 249 fois
  • Le résultat moyen est 11 sur 20
Statistiques - réponses
Hint Réponse % Correct
Entreprise qui donne son nom au nouveau stade de l'OL Groupama
92%
Adjectif départemental qu'on trouve dans le nom du club de Bordeaux Girondins
91%
En 2016, sa célébration s'inspirait d'un clip de Drake Antoine Griezmann
85%
Fondateur des magasins Casino qui a donné son nom au stade de Saint Etienne Geoffroy Guichard
83%
Mario Lemina jouait pour ce pays Gabon
80%
Ancien stade de l'OL, qui accueille désormais le LOU Gerland
80%
Legende brésilienne aux jambes arquées, son duo avec Pelé etait redoutable Garrincha
69%
Pays quadruple vainqueur de la CAN Ghana
68%
Membre de l'Uefa depuis 2013, cette équipe "nationale" joue ses matchs à Faro Gibraltar
63%
Club espagnol appartenant au City Football group Girona FC
61%
Coach français qui a coaché CR7, Eden Hazard et Memphis Depay Rudi Garcia
55%
Selon Stephane Guy, "Le PSG, c'est pas _____, c'est pas Valladolid" Gijon
50%
Ville dans lequel se déroule le derby appelé "Old Firm" Glasgow
50%
Seul club de D2 à avoir remporté la Coupe de la Ligue Gueugnon
42%
Commune que représente le club de Schalke 04 Gelsenkirchen
37%
Club où Arjen Robben a débuté et terminé sa carrière FC Groningen
31%
Joueur de l'Atletico qui partage son nom avec le chanteur d'Oasis Conor Gallagher
24%
Il a marqué le premier but de l'OL en D1 de l'ère Aulas Bruno Génésio
8%
Ancien arbitre français, il est maitre de conférence à l'Université de Lille Antony Gautier
6%
Petit Cowboy argentin, mascotte de la coupe du monde 1978 Gauchito
2%
Aucun quiz correspondant
Distribution des résultats
% des personnes avec chaque résultat
Percentile par nombre de réponses
Votre historique - résultats
Vous n’avez pas pris ce quiz